000 00303nam a22001457a 4500
008 210528b ||||| |||| 00| 0 eng d
020 _a978039327092
041 _aeng
080 _a32
082 _a32
100 _a20
101 _aPOL
245 _aWorld Politics
_cFrieden,J.A
942 _2udc
_cBK
999 _c57781
_d57781